| 000 | 00749nam a22001937a 4500 | ||
|---|---|---|---|
| 999 |
_c62273 _d62273 |
||
| 005 | 20240911162825.0 | ||
| 008 | 240911s2024 enk||||| |||| 00| 0 eng d | ||
| 020 | _a9781803925363x | ||
| 041 | _aeng | ||
| 080 | _a352/354 H-22 | ||
| 245 |
_aHandbook on Subnational Governments and Governance / _cEdited by Claudia N. Avellaneda, Ricardo A. Bello-Gómez. |
||
| 264 |
_aChentelham : _bEdward Elgar, _c2024. |
||
| 300 |
_a5123 p.: _bill. ; _c25 cm. |
||
| 653 | _aმმართველობა | ||
| 653 | _aსუბნაციონალური მთავრობები | ||
| 700 |
_aAvellaneda, N. _eრედაქტორი _923200 |
||
| 700 |
_aBello-Gómez, Ricardo A. _eრედაქტორი _923201 |
||
| 942 |
_2udc _cBK |
||